| 000 | 00537nam a2200181Ia 4500 | ||
|---|---|---|---|
| 008 | 131103s9999 xx 000 0 und d | ||
| 040 | _aLoreto College | ||
| 041 | _aEnglish | ||
| 082 |
_a891.432/BEN _bLCLIB/ |
||
| 100 | _aBenipuri,Ramvriksh | ||
| 245 |
_aBenipuri Grantha Wali _b Vol 2 _cRamvriksh Benipuri |
||
| 260 |
_aPatna _bBenipuri Prakashan _c1944 |
||
| 300 |
_avaries pags _c 21 cm. |
||
| 504 | _aAmar Joiti,Sakuntala,Ram Rajaya,Natra dan,Gao Ka Devta,Vijata, | ||
| 650 | _aHindi - Drama | ||
| 850 | _aLCLIB | ||
| 942 | _cBK | ||
| 999 |
_c19100 _d69579 |
||